00314nam a2200121Ia 4500008004100000100003000041245003600071260003200107300000900139650002000148942000700168999001700175190216s9999||||xx |||||||||||||| ||und|| aUnikrishnan Thiruvazhiode 0aOru Dwani Aariyaram Prathidwani bPoorna Pubs Kozhikodec1997 a199p aMalayalam Novel cBK c27521d27521